Congressus Danubiensis quintus cum participatione internationali gynaecologorum obstetricorumque Collection of abstracts ; I. Handzo

Bibliographic Details
Format: Book
Language:English
PhysicalDescription:112 s. 20 cm
Published: Bratislava S.l. s.n. b.n., b.t. [vyd.] 1981
Edition:1. vyd.

MARC

LEADER 00000nam a2200000 a 4500
001 vtls001103129
003 SK-MaSNL
005 20260302062141.0
008 250414s1981 CS 0 eng
015 |a SNBA1981/10 
035 |a SNK000045971 
040 |a SNK  |b slo  |c SNK  |e AACR2 
041 0 |a eng 
044 |a [CS] 
080 |a 618.1/.2(08)=00  |2 1981 
245 0 0 |a Congressus Danubiensis quintus cum participatione internationali gynaecologorum obstetricorumque  |b Collection of abstracts ; I. Handzo 
250 |a 1. vyd. 
260 |a Bratislava  |b s.n.  |a S.l.  |b b.n., b.t. [vyd.]  |c 1981 
300 |a 112 s.  |c 20 cm 
500 |a Reg. aut. Čl. aj slov., čes., rus. a nem. Ilustr. na tit. liste. 
700 1 |a Handzo, Ivan,  |d 1934-2012  |4 oth  |9 224511 
852 |a Slovenská národná knižnica 
954 |a gynekológia  |a pôrodníctvo 
958 |a TL 
958 |a OND 
999 |c 1128130  |d 1130060 
952 |t P60, <03>, [BOOK], {603}  |a SNK  |b SNK  |y PREZ  |7 0  |o snkSC 53655  |0 0  |1 0  |4 0  |d 2003-02-28  |l 0  |r 2004-12-31 00:00:00  |w 2026-02-24 
952 |t P60, <04>, [BOOK], {604}  |a SNK  |b SNK  |y VYP  |7 0  |p 17A0376063  |o snkSC 53655 D1  |0 0  |1 0  |4 0  |d 2003-02-28  |l 0  |r 2004-12-31 00:00:00  |w 2026-02-24 
952 |a SNK  |b SNK  |y PREZ  |7 0  |p 17A0826129  |o snkSC 53655  |0 0  |1 0  |4 0  |d 2012-08-06  |l 0  |r 2025-11-06 00:00:00  |w 2026-02-24